<?xml version="1.0" encoding="UTF-8"?>
<record
    xmlns:xsi="http://www.w3.org/2001/XMLSchema-instance"
    xsi:schemaLocation="http://www.loc.gov/MARC21/slim http://www.loc.gov/standards/marcxml/schema/MARC21slim.xsd"
    xmlns="http://www.loc.gov/MARC21/slim">

  <leader>01552nam a22003857a 4500</leader>
  <controlfield tag="001">BRCA_9262</controlfield>
  <controlfield tag="003">FranzMayer</controlfield>
  <controlfield tag="005">20230717132318.0</controlfield>
  <controlfield tag="008">230714b        |||||||| |||| 00| 0 eng d</controlfield>
  <datafield tag="020" ind1=" " ind2=" ">
    <subfield code="a">En tr&#xE1;mite</subfield>
  </datafield>
  <datafield tag="040" ind1=" " ind2=" ">
    <subfield code="a">MFM</subfield>
    <subfield code="b">esp</subfield>
    <subfield code="c">MFM</subfield>
  </datafield>
  <datafield tag="041" ind1=" " ind2=" ">
    <subfield code="a">esp</subfield>
  </datafield>
  <datafield tag="050" ind1=" " ind2="0">
    <subfield code="a">PQ601</subfield>
    <subfield code="b">C53 2018</subfield>
  </datafield>
  <datafield tag="110" ind1="1" ind2=" ">
    <subfield code="4">Editorial</subfield>
    <subfield code="a">Universidad del Claustro de Sor Juana</subfield>
    <subfield code="b">Estudios de Cultura Virreinal</subfield>
    <subfield code="9">28800</subfield>
  </datafield>
  <datafield tag="240" ind1="1" ind2=" ">
    <subfield code="a">Prolija memoria Nov 2018</subfield>
    <subfield code="l">esp</subfield>
  </datafield>
  <datafield tag="245" ind1="0" ind2=" ">
    <subfield code="a">Prolija memoria Nov. 2018</subfield>
  </datafield>
  <datafield tag="260" ind1=" " ind2=" ">
    <subfield code="a">CDMX, M&#xE9;xico</subfield>
    <subfield code="b">Universidad del Claustro de Sor Juana</subfield>
    <subfield code="c">2018</subfield>
  </datafield>
  <datafield tag="300" ind1=" " ind2=" ">
    <subfield code="a">153 p</subfield>
    <subfield code="c">23.5 cm</subfield>
  </datafield>
  <datafield tag="500" ind1=" " ind2=" ">
    <subfield code="a">L60/N5</subfield>
  </datafield>
  <datafield tag="505" ind1="0" ind2=" ">
    <subfield code="a">Destinado a: Historiadores, investigadores, literatos, fil&#xF3;logos, soci&#xF3;logosTexto en: espa&#xF1;olIncluye &#xED;ndice (tem&#xE1;tico)</subfield>
  </datafield>
  <datafield tag="610" ind1="1" ind2=" ">
    <subfield code="2">Colaborador</subfield>
    <subfield code="a">UNAM</subfield>
    <subfield code="b">Facultad de filosof&#xED;a y letras</subfield>
    <subfield code="9">28801</subfield>
  </datafield>
  <datafield tag="650" ind1="1" ind2=" ">
    <subfield code="2">Literatura</subfield>
    <subfield code="a">Literatura espa&#xF1;ola</subfield>
    <subfield code="v">Nueva Espa&#xF1;a</subfield>
    <subfield code="9">28802</subfield>
  </datafield>
  <datafield tag="651" ind1="2" ind2=" ">
    <subfield code="2">Nueva Espa&#xF1;a</subfield>
    <subfield code="a">Virreinal</subfield>
    <subfield code="v">Literatura</subfield>
    <subfield code="x">Ensayos</subfield>
    <subfield code="9">28803</subfield>
  </datafield>
  <datafield tag="700" ind1="1" ind2=" ">
    <subfield code="4">Dir.</subfield>
    <subfield code="a">Bravo Arriaga, Mar&#xED;a Dolores</subfield>
    <subfield code="9">28804</subfield>
  </datafield>
  <datafield tag="700" ind1="1" ind2=" ">
    <subfield code="4">Col.</subfield>
    <subfield code="a">R&#xED;os Espinosa, Mar&#xED;a Cristina</subfield>
    <subfield code="9">28805</subfield>
  </datafield>
  <datafield tag="700" ind1="1" ind2=" ">
    <subfield code="4">Col.</subfield>
    <subfield code="a">Romero Alaniz, Ferm&#xED;n</subfield>
    <subfield code="9">28806</subfield>
  </datafield>
  <datafield tag="700" ind1="1" ind2=" ">
    <subfield code="4">Col.</subfield>
    <subfield code="a">L&#xF3;pez Romero, David</subfield>
    <subfield code="9">28807</subfield>
  </datafield>
  <datafield tag="700" ind1="1" ind2=" ">
    <subfield code="4">Col.</subfield>
    <subfield code="a">Agis Ju&#xE1;rez, Ra&#xFA;lAzael</subfield>
    <subfield code="9">28808</subfield>
  </datafield>
  <datafield tag="700" ind1="1" ind2=" ">
    <subfield code="4">Col.</subfield>
    <subfield code="a">Guzman Olea, Eduardo</subfield>
    <subfield code="9">28809</subfield>
  </datafield>
  <datafield tag="700" ind1="1" ind2=" ">
    <subfield code="4">Col.</subfield>
    <subfield code="a">Cruz Lazcano, Victor</subfield>
    <subfield code="9">28810</subfield>
  </datafield>
  <datafield tag="700" ind1="1" ind2=" ">
    <subfield code="4">Col</subfield>
    <subfield code="a">Vera Garc&#xED;a, Rey Fernando</subfield>
    <subfield code="9">28811</subfield>
  </datafield>
  <datafield tag="700" ind1="1" ind2=" ">
    <subfield code="4">Col.</subfield>
    <subfield code="a">Torres Riosco, Arturo</subfield>
    <subfield code="9">28812</subfield>
  </datafield>
  <datafield tag="710" ind1="1" ind2=" ">
    <subfield code="4">Editorial col.</subfield>
    <subfield code="a">UNAM</subfield>
    <subfield code="b">Facultad de filosof&#xED;a y letras</subfield>
    <subfield code="9">28813</subfield>
  </datafield>
  <datafield tag="942" ind1=" " ind2=" ">
    <subfield code="2">lcc</subfield>
    <subfield code="c">H</subfield>
  </datafield>
  <datafield tag="999" ind1=" " ind2=" ">
    <subfield code="c">10881</subfield>
    <subfield code="d">10881</subfield>
  </datafield>
  <datafield tag="952" ind1=" " ind2=" ">
    <subfield code="0">0</subfield>
    <subfield code="1">0</subfield>
    <subfield code="2">lcc</subfield>
    <subfield code="4">0</subfield>
    <subfield code="7">0</subfield>
    <subfield code="8">FCON</subfield>
    <subfield code="a">BRCA</subfield>
    <subfield code="b">BRCA</subfield>
    <subfield code="d">2023-07-14</subfield>
    <subfield code="e">Donaci&#xF3;n</subfield>
    <subfield code="l">0</subfield>
    <subfield code="o">PQ601 C53 2018</subfield>
    <subfield code="p">CONT10060</subfield>
    <subfield code="r">2023-07-14 00:00:00</subfield>
    <subfield code="t">1</subfield>
    <subfield code="w">2023-07-14</subfield>
    <subfield code="y">H</subfield>
  </datafield>
</record>
